000 00888nam a2200241 u 4500
001 000023030
005 20200930021937.0
008 101124s1989 mx 000 0 spa d
020 _a9686642498
040 _aDO-SdBNP
_bspa
_cBNPHU
041 1 7 _aspa
_heng
_2Código de idiomas MARC
082 _a325.173
_bP713p
240 0 0 _aU. S. inmigration policy.
_lEspañol
245 0 3 _aLa política de inmigración de los Estados Unidos /
_ccompilación Richard R. Hofstetter ; traducción José Luis González.
260 _aMéxico, D. F. :
_bGernika,
_c1989.
300 _a502 p. ;
_c21 cm.
534 _aTítulo original en inglés :
_tU. S. inmigration policy
651 4 _aEstados Unidos
_xEmigración E Inmigración
_9291
650 4 _aPolítica de migración
_943642
700 1 _aGonzález, José Luis,
_etr.
_95327
700 1 _aHofstetter, Richard R.,
_ecomp.
_947380
049 _aBNGR
999 _c22527
_d22527